| 000 | 00419nam a22001697a 4500 | ||
|---|---|---|---|
| 003 | NUST - PNEC | ||
| 005 | 20170116180907.0 | ||
| 008 | 150902b xxu||||| |||| 00| 0 eng d | ||
| 020 | _a8185589100 | ||
| 040 | _cLIBRARY | ||
| 082 | _a620.106 SUB | ||
| 100 |
_96762 _aS. Subrahmaniyam, Dr. |
||
| 245 |
_aFluid mechanics _cDr. S. Subrahmaniyam |
||
| 260 | _cc.2003 | ||
| 650 |
_96764 _aMechanics _xME |
||
| 942 |
_2ddc _cBK |
||
| 999 |
_c65142 _d65142 |
||